[Event "C.to Provinciale BG"]
[Site "Bergamo ITA"]
[Date "2005.10.28"]
[Round "4"]
[White "Testa, Luigi"]
[Black "Merletti, Vincenzo"]
[Result "1-0"]
[WhiteElo "1542"]
[BlackElo "1596"]
[PlyCount "125"]
[EventDate "2005.10.07"]

1. e4 Nf6 2. Nc3 d5 3. e5 d4 4. exf6 dxc3 5. fxg7 cxd2+ 6. Qxd2 Qxd2+ 7. Bxd2
Bxg7 8. O-O-O O-O 9. Bd3 Nc6 10. Nf3 Be6 11. Ng5 Bxa2 12. Nxh7 Rfd8 13. Ng5 Nd4
14. Nf3 Nb3+ 15. cxb3 Rxd3 16. Kc2 Bxb3+ 17. Kxd3 Rd8+ 18. Ke2 Rd6 19. Ra1 a6
20. Bc3 Bc4+ 21. Ke1 Re6+ 22. Kd1 Bb3+ 23. Kd2 Bh6+ 24. Kd3 Rd6+ 25. Bd4 c5 26.
Kc3 c4 27. Ra3 f6 28. Rxb3 cxb3 29. Kxb3 e5 30. Bc3 Kf7 31. Kc2 b5 32. Rd1 Rxd1
33. Kxd1 Ke6 34. Kc2 Kd5 35. b3 Bf8 36. Ne1 Ke4 37. b4 Kd5 38. Nd3 Kc4 39. f3
Bh6 40. Nc5 a5 41. Ne4 axb4 42. Bb2 b3+ 43. Kd1 f5 44. Nd6+ Kd3 45. Nxf5 e4 46.
fxe4 Kxe4 47. Nxh6 Kf4 48. Ke2 Kg5 49. Nf7+ Kf4 50. Nd6 b4 51. Bc1+ Ke5 52.
Nc4+ Kd4 53. Nb2 Kc3 54. Kd1 Kd4 55. h4 Ke4 56. h5 Kf5 57. h6 Kg6 58. Ke2 Kh7
59. g4 Kg6 60. Kf3 Kh7 61. Ke4 Kg6 62. Nc4 Kh7 63. Kf5 1-0

[Event "C.to Provinciale BG"]
[Site "Bergamo ITA"]
[Date "2005.10.28"]
[Round "4"]
[White "Valsecchi, Alessio"]
[Black "Gerali, Paolo"]
[Result "0-1"]
[WhiteElo "1965"]
[BlackElo "1707"]
[PlyCount "94"]
[EventDate "2005.10.07"]

1. e4 c5 2. Nf3 e6 3. Nc3 a6 4. g3 b5 5. Bg2 Bb7 6. d3 d6 7. O-O Nf6 8. Ng5 Nc6
9. f4 Be7 10. Ne2 Qb6 11. c3 O-O 12. Bf3 Rac8 13. Nh3 b4 14. Nf2 Rfd8 15. g4
Ne8 16. g5 d5 17. exd5 exd5 18. Ng3 Qc7 19. Nf5 Bf8 20. Ne3 Ne7 21. Ng2 bxc3
22. bxc3 Nd6 23. Rb1 Nef5 24. Bd2 Rb8 25. Ng4 d4 26. c4 Bc6 27. Bxc6 Rxb1 28.
Qxb1 Rb8 29. Qc2 Qxc6 30. Ne5 Qb7 31. Bc1 Be7 32. Qa4 Rc8 33. Rf2 f6 34. Rb2
Qc7 35. Nf3 Qc6 36. Qxc6 Rxc6 37. gxf6 gxf6 38. Nd2 Kf7 39. Kf2 Bd8 40. Nb3 Nb7
41. Re2 Re6 42. Rb2 Rb6 43. Kf3 a5 44. Ke4 a4 45. Kxf5 axb3 46. Rxb3 Rxb3 47.
axb3 h5 0-1

[Event "C.to Provinciale BG"]
[Site "Bergamo ITA"]
[Date "2005.11.04"]
[Round "5"]
[White "Asperti, Fabio"]
[Black "Brambilla, Augusto"]
[Result "1-0"]
[WhiteElo "1658"]
[BlackElo "1419"]
[PlyCount "105"]
[EventDate "2005.10.07"]

1. c4 c5 2. Nc3 e5 3. e4 b6 4. d3 Nc6 5. Nge2 d6 6. g3 Nf6 7. Bg2 Bg4 8. h3
Bxe2 9. Nxe2 Be7 10. Be3 a6 11. O-O h6 12. Qd2 Nh5 13. g4 Nf4 14. Nxf4 exf4 15.
Bxf4 Bg5 16. Bxg5 Qxg5 17. Qxg5 hxg5 18. e5 Rc8 19. exd6 Kd7 20. Rfe1 Nd4 21.
Re7+ Kxd6 22. Rxf7 Rce8 23. Rxg7 Re2 24. Rxg5 Rf8 25. Rf1 Rxb2 26. f4 Ne2+ 27.
Kh2 Nxf4 28. Rd5+ Ke6 29. Re1+ Ne2 30. h4 Kf7 31. Rf1+ Ke7 32. Re5+ Kd6 33.
Rxe2 Rxe2 34. Rxf8 Re7 35. Be4 Rg7 36. g5 Ke7 37. Rb8 b5 38. Rb7+ Kf8 39. Rxg7
Kxg7 40. cxb5 axb5 41. Kg3 c4 42. dxc4 bxc4 43. a4 c3 44. a5 c2 45. Bxc2 Kf7
46. a6 Kg7 47. Kf4 Kf7 48. Ke5 Kg7 49. Ke6 Kg8 50. a7 Kg7 51. h5 Kh8 52. h6 Kg8
53. a8=R# 1-0

[Event "C.to Provinciale BG"]
[Site "Bergamo ITA"]
[Date "2005.11.04"]
[Round "5"]
[White "Bassis, Ivano"]
[Black "Fiorona, Gianpietro"]
[Result "1-0"]
[WhiteElo "1886"]
[BlackElo "1673"]
[PlyCount "79"]
[EventDate "2005.10.07"]

1. e4 c5 2. Nf3 Nc6 3. Bb5 g6 4. O-O Bg7 5. c3 e5 6. d3 Nge7 7. Be3 d6 8. d4
cxd4 9. cxd4 O-O 10. Nc3 Bg4 11. d5 Nd4 12. Be2 Nxf3+ 13. Bxf3 Bxf3 14. Qxf3
Qd7 15. Qe2 b6 16. Rac1 Rac8 17. Qa6 f5 18. f3 fxe4 19. fxe4 Rxf1+ 20. Rxf1 Rf8
21. Rc1 Rc8 22. a4 Rf8 23. Nb5 Nc8 24. h3 Qd8 25. Nxa7 Nxa7 26. Qxa7 Qh4 27.
Qxb6 Qxe4 28. Qb3 Qh4 29. a5 Bh6 30. Bxh6 Qxh6 31. Qc3 Qf4 32. b4 e4 33. Re1
Re8 34. Qe3 Qf7 35. Rd1 Re5 36. Rd4 Rxd5 37. Rxe4 Qf5 38. a6 Rd1+ 39. Kh2 Qf1
40. a7 1-0

[Event "C.to Provinciale BG"]
[Site "Bergamo ITA"]
[Date "2005.10.31"]
[Round "5"]
[White "Capata, Ion"]
[Black "Canova, Luca"]
[Result "1-0"]
[WhiteElo "2090"]
[BlackElo "2103"]
[PlyCount "205"]
[EventDate "2005.10.07"]

1. d4 d5 2. Nf3 Nf6 3. Bg5 Nbd7 4. h3 c6 5. e3 Ne4 6. Bf4 Ndf6 7. Bd3 Bf5 8.
O-O e6 9. Ne5 Be7 10. f3 Nd6 11. Nc3 Bxd3 12. Qxd3 O-O 13. g4 Nfe8 14. Qd2 f6
15. Nd3 Nf7 16. Qh2 b6 17. Ne2 Bd6 18. Rae1 Rc8 19. e4 dxe4 20. fxe4 Qd7 21.
Rd1 Qc7 22. e5 fxe5 23. Bxe5 Nf6 24. Bxd6 Qxd6 25. Qxd6 Nxd6 26. Nef4 Rfe8 27.
Rde1 Nde4 28. Rf3 c5 29. Rfe3 g5 30. Nh5 cxd4 31. Rxe4 Nxe4 32. Rxe4 Kf8 33.
Rxd4 Rxc2 34. Nf6 Re7 35. Ne5 Kg7 36. Ne4 Rxb2 37. Nxg5 Kf6 38. Nc6 Rc7 39.
Ne4+ Kf7 40. Rc4 Ke8 41. Nf6+ Kf8 42. a4 a6 43. Ne4 Rd7 44. Nf2 Rf7 45. Nd3 Ra2
46. Nce5 Ra1+ 47. Kg2 Rff1 48. Rc6 Rfb1 49. Nd7+ Ke7 50. Nxb6 Rb3 51. Rxe6+
Kxe6 52. Nc5+ Kd6 53. Nxb3 Rb1 54. Nc4+ Kd5 55. Ncd2 Rb2 56. Kf3 Ra2 57. a5 Ra4
58. Kg3 Ke5 59. Nc5 Ra3+ 60. Nf3+ Kd6 61. Nxa6 Rxa5 62. Nb4 Ra3 63. Nc2 Rd3 64.
Kf4 Ke7 65. Ncd4 Kf6 66. g5+ Ke7 67. Kg4 Ra3 68. Kh5 Ra6 69. Ne5 Rb6 70. Ng4
Kf7 71. Nf5 Ra6 72. Nf6 Ra5 73. Nd6+ Kg7 74. Nde8+ Kh8 75. Nc7 Kg7 76. Ne6+ Kf7
77. Nd4 Kg7 78. h4 Re5 79. Kg4 Ra5 80. Nf5+ Kh8 81. Nd6 Kg7 82. Kh5 Re5 83.
Nde8+ Kh8 84. Nc7 Rf5 85. Kh6 Rc5 86. Ncd5 Ra5 87. Nc7 Rc5 88. Ncd5 Rc6 89. Ne3
Ra6 90. Neg4 Re6 91. Nf2 Ra6 92. Nd3 Ra5 93. Nxh7 Rd5 94. Nf4 Rd4 95. Ng6+ Kg8
96. Nf6+ Kf7 97. Ne5+ Ke6 98. Neg4 Kf5 99. g6 Rd6 100. h5 Ra6 101. Kh7 Kg5 102.
g7 Ra7 103. h6 1-0

[Event "C.to Provinciale BG"]
[Site "Bergamo ITA"]
[Date "2005.11.04"]
[Round "5"]
[White "Gerali, Paolo"]
[Black "Scarpellini, Felice"]
[Result "1/2-1/2"]
[WhiteElo "1707"]
[BlackElo "1948"]
[PlyCount "77"]
[EventDate "2005.10.07"]

1. d4 Nf6 2. c4 e6 3. Nf3 d5 4. Nc3 b6 5. g3 Bb7 6. Bg2 Be7 7. O-O Nbd7 8. cxd5
exd5 9. Bf4 O-O 10. Rc1 c5 11. Re1 Rc8 12. Ne5 Nxe5 13. Bxe5 Ne4 14. Bh3 Nxc3
15. bxc3 Rc6 16. Bg2 Rc8 17. c4 f6 18. Bf4 cxd4 19. Qxd4 Rc5 20. Red1 Ra5 21.
cxd5 Bc5 22. Qc4 Ba6 23. Qc2 Bb5 24. Qf5 Bd7 25. Qb1 Rb5 26. Qd3 Rb2 27. d6 Re8
28. Bd5+ Kh8 29. Rd2 Rxd2 30. Qxd2 Bg4 31. Bf3 Bd7 32. g4 g5 33. Bg3 Kg7 34. a3
Qc8 35. Qd1 Qa6 36. Bd5 Qxa3 37. Kg2 Rd8 38. Rc4 Bb5 39. Re4 1/2-1/2

[Event "C.to Provinciale BG"]
[Site "Bergamo ITA"]
[Date "2005.11.04"]
[Round "5"]
[White "Gozzini, Giambattista"]
[Black "Di Mauro, Valerio"]
[Result "1/2-1/2"]
[WhiteElo "1727"]
[BlackElo "1526"]
[PlyCount "73"]
[EventDate "2005.10.07"]

1. e4 d5 2. exd5 Qxd5 3. Nc3 Qa5 4. d4 Nf6 5. Bd3 Bf5 6. Qf3 Bc8 7. Nge2 c6 8.
h3 g6 9. O-O Bf5 10. Bxf5 Qxf5 11. Qxf5 gxf5 12. Ng3 e6 13. Re1 Kd7 14. Bf4 Bd6
15. Be5 Bxe5 16. dxe5 Nd5 17. Rad1 Ke7 18. Na4 Nd7 19. Nh5 b5 20. Nc3 Nxc3 21.
bxc3 Nb6 22. Rd3 Nc4 23. Nf6 Nxe5 24. Rxe5 Kxf6 25. Rc5 Rac8 26. Rd6 Rhd8 27.
Rdxc6 Rxc6 28. Rxc6 Rd2 29. Ra6 Rxc2 30. Rxa7 Rc1+ 31. Kh2 Rxc3 32. Ra5 b4 33.
Ra4 Rc2 34. Kg1 Rc1+ 35. Kh2 Rb1 36. a3 bxa3 37. Rxa3 1/2-1/2

[Event "C.to Provinciale BG"]
[Site "Bergamo ITA"]
[Date "2005.11.04"]
[Round "5"]
[White "Gualdi, Paolo"]
[Black "Basletta, Giovanni"]
[Result "0-1"]
[WhiteElo "1568"]
[BlackElo "1407"]
[PlyCount "58"]
[EventDate "2005.10.07"]

1. e4 Nf6 2. e5 Nd5 3. d4 e6 4. Nf3 Be7 5. Bd3 O-O 6. c4 Nb4 7. Be3 Nxd3+ 8.
Qxd3 b6 9. Qe4 Nc6 10. a3 Bb7 11. Qg4 Kh8 12. Nc3 Na5 13. Nd2 d6 14. exd6 f5
15. Qg3 Bxd6 16. f4 Be7 17. O-O Bh4 18. Qh3 Bf6 19. Rad1 Ba6 20. b4 Nxc4 21.
Nxc4 Bxc4 22. Rfe1 Rf7 23. Qf3 Rd7 24. Qf2 a5 25. b5 Bb3 26. Rb1 a4 27. Rb2
Bxd4 28. Bxd4 Rxd4 29. Rxe6 Bxe6 0-1

[Event "C.to Provinciale BG"]
[Site "Bergamo ITA"]
[Date "2005.11.04"]
[Round "5"]
[White "Gucciardo, Salvatore"]
[Black "Minieri, Filippo"]
[Result "1/2-1/2"]
[WhiteElo "1440"]
[BlackElo "2155"]
[PlyCount "104"]
[EventDate "2005.10.07"]

1. e4 e5 2. Nf3 Nc6 3. Bb5 f5 4. Nc3 fxe4 5. Nxe4 d5 6. Nxe5 dxe4 7. Nxc6 Qg5
8. Qe2 Nf6 9. f4 Qxf4 10. Ne5+ c6 11. d4 Qh4+ 12. g3 Qh3 13. Bc4 Be6 14. Bg5
O-O-O 15. O-O-O Be7 16. Nf7 Bg4 17. Qd2 Qh5 18. Rdf1 Bf3 19. Be6+ Kb8 20. Bf4+
Ka8 21. Rhg1 Nd5 22. Bxd5 Qxd5 23. Nxh8 Qxa2 24. c3 c5 25. b4 Qa1+ 26. Kc2 Qa4+
27. Kb2 cxd4 28. Nf7 dxc3+ 29. Qxc3 Re8 30. Ra1 Qb5 31. Ra5 Qe2+ 32. Kb3 e3 33.
Qd4 a6 34. Rga1 Bf6 35. Be5 Bg4 36. b5 Be6+ 37. Kb4 Bc8 38. Rxa6+ bxa6 39. Qd5+
Ka7 40. b6+ Kxb6 41. Qc5+ Kb7 42. Nd6+ Ka8 43. Qc6+ Ka7 44. Qc7+ Ka8 45. Nxe8
Qb5+ 46. Ka3 Bxe5 47. Qxc8+ Ka7 48. Rb1 Qxb1 49. Qc5+ Kb7 50. Qxe5 Qd3+ 51. Ka2
e2 52. Qc7+ Ka8 1/2-1/2

[Event "C.to Provinciale BG"]
[Site "Bergamo ITA"]
[Date "2005.11.04"]
[Round "5"]
[White "Impellizzeri, Francesco"]
[Black "Valsecchi, Alessio"]
[Result "1/2-1/2"]
[WhiteElo "1688"]
[BlackElo "1965"]
[PlyCount "146"]
[EventDate "2005.10.07"]

1. d4 Nf6 2. c4 g6 3. Nc3 d5 4. cxd5 Nxd5 5. e4 Nxc3 6. bxc3 Bg7 7. Nf3 O-O 8.
Be3 c5 9. Rc1 cxd4 10. cxd4 Bg4 11. Be2 Nc6 12. d5 Bxf3 13. gxf3 Nb4 14. Qd2 a5
15. a3 Na6 16. Rb1 Rc8 17. Bd4 Bxd4 18. Qxd4 Nc5 19. O-O a4 20. Rfd1 Qa5 21.
Rb5 Qc7 22. e5 Rfd8 23. f4 b6 24. Bf3 Rb8 25. Rbb1 Qd7 26. Qc4 Qh3 27. Qe2 Qf5
28. Qe3 Qc2 29. Rbc1 Qb3 30. Rc3 Qb5 31. Be2 Qb2 32. f5 Ne4 33. Rc7 Qxe5 34.
fxg6 hxg6 35. d6 exd6 36. f4 Qe6 37. f5 Qe5 38. fxg6 fxg6 39. Kh1 d5 40. Rc6
Kg7 41. Rg1 g5 42. Bh5 Rf8 43. Rg6+ Kh7 44. R6xg5 Nf2+ 45. Qxf2 Qxg5 46. Qc2+
Kh6 47. Rxg5 Kxg5 48. Qg6+ Kf4 49. Qg3+ Ke4 50. Bg6+ Kd4 51. Qd3+ Ke5 52. h4
Rh8 53. h5 Kd6 54. Qf5 Kc5 55. Qc2+ Kd6 56. Qxa4 Rhd8 57. Qd4 Kc6 58. Kg2 Ra8
59. a4 Rac8 60. Kg3 Kb7 61. Bf7 Kb8 62. Qxb6+ Ka8 63. a5 Rc3+ 64. Kg4 Rd7 65.
Be8 Rg7+ 66. Bg6 Rgc7 67. a6 R3c4+ 68. Kg5 Rc3 69. Kf6 R3c6+ 70. Qxc6+ Rxc6+
71. Ke5 Rxa6 72. Kxd5 Ra2 73. Ke6 Rh2 1/2-1/2

[Event "C.to Provinciale BG"]
[Site "Bergamo ITA"]
[Date "2005.11.04"]
[Round "5"]
[White "Lanni, Vincenzo"]
[Black "Stefanelli, Alfredo"]
[Result "0-1"]
[WhiteElo "1619"]
[BlackElo "1787"]
[PlyCount "90"]
[EventDate "2005.10.07"]

1. d4 d5 2. g3 Nf6 3. Bg2 e6 4. Nf3 c5 5. c3 Nc6 6. O-O Be7 7. dxc5 Bxc5 8.
Nbd2 O-O 9. Qc2 a5 10. e4 Qc7 11. Nb3 Ba7 12. exd5 Nxd5 13. Qe4 h6 14. Nbd4 Nf6
15. Qh4 Nxd4 16. Nxd4 Bxd4 17. cxd4 Qe7 18. Qf4 Ra6 19. Qe5 Rd8 20. Qe2 Rxd4
21. Be3 Rd7 22. Rac1 Rc7 23. Rxc7 Qxc7 24. Rc1 Qd8 25. Qc4 Ra8 26. Bf3 Nd5 27.
Rd1 Qf6 28. Bxd5 exd5 29. Qxd5 Bg4 30. Rd2 Bf3 31. Qd7 Qg6 32. Qd3 Qg4 33. Qf1
Re8 34. h3 Qf5 35. Kh2 Bc6 36. Qg1 Qf3 37. a3 Re6 38. Rd8+ Kh7 39. Rd4 g5 40.
g4 Rxe3 41. fxe3 Qe2+ 42. Kg3 Qxb2 43. Qf1 Kg7 44. Qf2 Qxa3 45. Qf5 Qxe3+ 0-1

[Event "C.to Provinciale BG"]
[Site "Bergamo ITA"]
[Date "2005.11.04"]
[Round "5"]
[White "Longo, Pietro"]
[Black "Marcelloni, Dario"]
[Result "1-0"]
[WhiteElo "1757"]
[BlackElo "1580"]
[PlyCount "65"]
[EventDate "2005.10.07"]

1. d4 Nf6 2. c4 e6 3. Nc3 d5 4. Bg5 Be7 5. cxd5 exd5 6. e3 O-O 7. Bd3 Nbd7 8.
Nge2 c6 9. O-O Re8 10. Ng3 h6 11. Bf4 Nf8 12. Nf5 Bxf5 13. Bxf5 Bd6 14. Bg3
Bxg3 15. hxg3 Ne6 16. Bc2 Qc7 17. Rc1 a6 18. b4 Qd6 19. a3 Nc7 20. Qd3 a5 21.
b5 Qxa3 22. bxc6 bxc6 23. Nxd5 Qxd3 24. Nxf6+ gxf6 25. Bxd3 Re6 26. Rc5 a4 27.
Rfc1 a3 28. Ra1 Rd6 29. Rc3 a2 30. Rc2 c5 31. Rxc5 Nd5 32. Be4 Rb6 33. Rxd5 1-0

[Event "C.to Provinciale BG"]
[Site "Bergamo ITA"]
[Date "2005.11.04"]
[Round "5"]
[White "Maggioni, Oliviero"]
[Black "Testa, Luigi"]
[Result "0-1"]
[WhiteElo "1580"]
[BlackElo "1542"]
[PlyCount "112"]
[EventDate "2005.10.07"]

1. d4 d5 2. c4 e6 3. a3 Nf6 4. Bg5 Be7 5. Nc3 O-O 6. Nf3 h6 7. Bd2 c5 8. g3
cxd4 9. Nxd4 Nc6 10. e3 Nxd4 11. exd4 dxc4 12. Bxc4 Qxd4 13. Be2 Ne4 14. Nxe4
Qxe4 15. O-O Bf6 16. Bf3 Qd4 17. Rc1 Rd8 18. Bc3 Qc4 19. Qe1 Bxc3 20. bxc3 Rb8
21. Rb1 Rd7 22. Rb4 Qc7 23. Qe3 b6 24. c4 a5 25. Rb3 Ba6 26. Be2 Qc5 27. Qxc5
bxc5 28. Rfb1 Rxb3 29. Rxb3 Rd4 30. Rc3 e5 31. Kf1 f6 32. f3 Kf8 33. Kf2 Ke7
34. Ke3 f5 35. Bd3 f4+ 36. Ke2 g5 37. g4 Kf6 38. h3 a4 39. Kf2 Bc8 40. Be4 Rd2+
41. Kg1 Bd7 42. Bd5 Be8 43. Rc1 Bg6 44. Rc3 Bc2 45. Bc6 Bb3 46. Rc1 Ra2 47. Rc3
Rxa3 48. Bxa4 Ra1+ 49. Kg2 Bxa4 50. Rd3 Rd1 51. Ra3 Rd2+ 52. Kg1 Bc6 53. Ra5
Bxf3 54. Rxc5 Rc2 55. Rb5 Rxc4 56. Rb6+ Rc6 0-1

[Event "C.to Provinciale BG"]
[Site "Bergamo ITA"]
[Date "2005.11.04"]
[Round "5"]
[White "Mangili, Riccardo"]
[Black "Primavera, Enrico"]
[Result "1-0"]
[WhiteElo "1668"]
[BlackElo "1453"]
[PlyCount "103"]
[EventDate "2005.10.07"]

1. Nf3 d6 2. b3 c5 3. Bb2 e5 4. e4 Nf6 5. Nc3 Nc6 6. h3 d5 7. exd5 Nxd5 8. Bc4
Nf4 9. O-O Bd6 10. Ne4 O-O 11. Re1 Bf5 12. Nxd6 Qxd6 13. Nxe5 Nd4 14. Bxd4 cxd4
15. Qf3 Qh6 16. Nxf7 Rxf7 17. Bxf7+ Kxf7 18. Qxb7+ Kg6 19. Qxa8 Qg5 20. Qc6+
Kf7 21. Qe8+ Kf6 22. Qe7+ Kg6 23. Qxg5+ Kxg5 24. d3 Bd7 25. Re7 Bc6 26. Rxa7
Bxg2 27. Rxg7+ Kf6 28. Rxg2 Ne2+ 29. Kf1 Nf4 30. Rg4 Nxh3 31. Rxd4 Ke5 32. Rh4
Ng5 33. Re1+ Kf6 34. Kg2 Kg6 35. Re5 Nf7 36. Rb5 Ng5 37. Rxg5+ Kxg5 38. Rxh7
Kg6 39. Rh4 Kf6 40. Kf3 Ke6 41. Ke4 Kd6 42. Rh5 Kc6 43. Kd4 Kb6 44. Kc4 Ka6 45.
Kb4 Kb6 46. Rh6+ Kc7 47. Kc5 Kb7 48. Kb5 Ka7 49. Rh7+ Kb8 50. Kb6 Kc8 51. a4
Kb8 52. Rh8# 1-0

[Event "C.to Provinciale BG"]
[Site "Bergamo ITA"]
[Date "2005.11.04"]
[Round "5"]
[White "Mora, Lorenzo"]
[Black "Biava, Pierluigi"]
[Result "1-0"]
[WhiteElo "1787"]
[BlackElo "1649"]
[PlyCount "57"]
[EventDate "2005.10.07"]

1. Nf3 d5 2. g3 c5 3. Bg2 Nc6 4. O-O Nf6 5. d3 e6 6. Nbd2 Be7 7. e4 O-O 8. Qe2
b5 9. e5 Nd7 10. h4 a5 11. Re1 Ba6 12. c3 Qb6 13. Nf1 Rfc8 14. N1h2 a4 15. Bf4
Rab8 16. Ng4 Na5 17. Bg5 Bf8 18. h5 b4 19. h6 bxc3 20. hxg7 Bxg7 21. bxc3 Qb2
22. Qe3 Qxc3 23. Bf1 Rb2 24. Bh6 Bxh6 25. Qxh6 Bxd3 26. Nf6+ Kh8 27. Ng5 Nxe5
28. Rxe5 Rb7 29. Ngxh7 1-0

[Event "C.to Provinciale BG"]
[Site "Bergamo ITA"]
[Date "2005.11.04"]
[Round "5"]
[White "Nasoni, Paolo"]
[Black "Bosio, Giovanni"]
[Result "1-0"]
[WhiteElo "1865"]
[BlackElo "1682"]
[PlyCount "113"]
[EventDate "2005.10.07"]

1. Nf3 d5 2. d4 e6 3. c4 c6 4. Nc3 Nf6 5. e3 Nbd7 6. Bd2 dxc4 7. Bxc4 b5 8. Bd3
a6 9. Rc1 Bb7 10. O-O c5 11. a3 c4 12. Bb1 Bd6 13. e4 e5 14. Re1 O-O 15. Bg5
Qc7 16. Bxf6 Nxf6 17. d5 Nd7 18. b4 cxb3 19. Nxb5 Qb6 20. Nxd6 Qxd6 21. Qxb3
Rab8 22. Qa2 Nc5 23. Re3 Rbc8 24. Rec3 f6 25. a4 a5 26. Nd2 Ba6 27. Nc4 Bxc4
28. Rxc4 Rf7 29. Qc2 Rfc7 30. Ba2 Kh8 31. Rb1 h6 32. h3 Qa6 33. Rc1 Qd6 34. f3
Na6 35. Qe2 Nb4 36. Rxc7 Rxc7 37. Rxc7 Qxc7 38. Bc4 g5 39. Bb5 Qc1+ 40. Qf1
Qe3+ 41. Qf2 Qc1+ 42. Kh2 Qc7 43. Qd2 Qd6 44. Qc3 Kg7 45. Qc8 h5 46. Qb7+ Kh6
47. Be8 Qf8 48. Qd7 Nd3 49. d6 Nc5 50. Qc6 Ne6 51. d7 Nd8 52. Qb6 Qe7 53. Qxa5
Nc6 54. Qd5 Nd8 55. Qg8 Qg7 56. Qxg7+ Kxg7 57. a5 1-0

[Event "C.to Provinciale BG"]
[Site "Bergamo ITA"]
[Date "2005.11.04"]
[Round "5"]
[White "Oteri, Aldo"]
[Black "Elitropi, Giorgio"]
[Result "1/2-1/2"]
[WhiteElo "1711"]
[BlackElo "2009"]
[PlyCount "71"]
[EventDate "2005.10.07"]

1. e4 Nc6 2. Nf3 f5 3. exf5 d5 4. d4 Bxf5 5. Bd3 Qd7 6. c3 Nf6 7. O-O O-O-O 8.
Bxf5 Qxf5 9. Ng5 Nd7 10. f4 h6 11. Nf3 e6 12. b4 Bd6 13. a4 Rdf8 14. g3 Nf6 15.
Nbd2 Qh7 16. Qe2 Nd8 17. Nb3 Ne4 18. Bd2 g6 19. Nc5 Bxc5 20. bxc5 c6 21. a5 a6
22. Rab1 Qc7 23. Rb6 g5 24. Ne5 Rhg8 25. Rfb1 Nxd2 26. Qxd2 gxf4 27. Qd3 fxg3
28. hxg3 Qg7 29. Kg2 Qf6 30. Rxb7 Nxb7 31. Qxa6 Rxg3+ 32. Kxg3 Qf4+ 33. Kh3
Qe3+ 34. Kh4 Qg5+ 35. Kh3 Qe3+ 36. Kh4 1/2-1/2

[Event "C.to Provinciale BG"]
[Site "Bergamo ITA"]
[Date "2005.11.04"]
[Round "5"]
[White "Ranfagni, Stefano"]
[Black "Elsido, Massimo"]
[Result "0-1"]
[WhiteElo "1981"]
[BlackElo "1757"]
[PlyCount "72"]
[EventDate "2005.10.07"]

1. e4 e5 2. Nf3 Nc6 3. Bc4 Bc5 4. c3 Nf6 5. d3 d6 6. b4 Bb6 7. Qb3 Qe7 8. a4 a6
9. h3 Be6 10. Bxe6 Qxe6 11. Qxe6+ fxe6 12. Bb2 O-O 13. O-O Nh5 14. Bc1 Nf4 15.
Bxf4 Rxf4 16. Nbd2 Raf8 17. Nc4 Ba7 18. b5 Nd8 19. Rab1 h6 20. b6 Bb8 21. bxc7
Bxc7 22. Rb2 g5 23. Re1 R8f7 24. Nh2 h5 25. f3 Bb8 26. Reb1 Rd7 27. Na5 Rff7
28. Nf1 d5 29. Ng3 h4 30. Ne2 Kg7 31. Kf1 Ba7 32. c4 b6 33. Nb3 dxc4 34. dxc4
Nc6 35. Nbc1 Rd1+ 36. Kf2 b5+ 0-1

[Event "C.to Provinciale BG"]
[Site "Bergamo ITA"]
[Date "2005.11.04"]
[Round "5"]
[White "Salvetti, Carlo"]
[Black "Cattaneo, Dario"]
[Result "0-1"]
[WhiteElo "1419"]
[BlackElo "1574"]
[PlyCount "44"]
[EventDate "2005.10.07"]

1. e4 e6 2. d4 d5 3. e5 c5 4. c4 Nc6 5. Nf3 cxd4 6. Nxd4 Nxe5 7. b3 Bb4+ 8. Nd2
Nf6 9. Bb2 Ne4 10. N4f3 Nxf3+ 11. gxf3 Bxd2+ 12. Ke2 Nc3+ 13. Bxc3 Bxc3 14. Rc1
d4 15. Rg1 Qf6 16. Qd3 e5 17. c5 O-O 18. a3 Bf5 19. Qb5 e4 20. Qxb7 exf3+ 21.
Kd1 Qh6 22. Rxg7+ Kxg7 0-1

[Event "C.to Provinciale BG"]
[Site "Bergamo ITA"]
[Date "2005.11.04"]
[Round "5"]
[White "Villa, Claudio"]
[Black "Riva, Carlo"]
[Result "1/2-1/2"]
[WhiteElo "1792"]
[BlackElo "1574"]
[PlyCount "76"]
[EventDate "2005.10.07"]

1. b3 d5 2. Bb2 c6 3. e3 Bf5 4. c4 Bxb1 5. Qxb1 e6 6. Nf3 Nd7 7. Bd3 Ngf6 8.
O-O dxc4 9. Bxc4 g6 10. Qc2 Bg7 11. Ba3 c5 12. d4 cxd4 13. Nxd4 a6 14. Rad1 Qb6
15. Nxe6 fxe6 16. Rd6 Qa5 17. Rxe6+ Kd8 18. Be7+ Kc8 19. Rc1 Kb8 20. Qe2 Rc8
21. b4 Qa3 22. Qd2 b5 23. Bd6+ Kb7 24. Bd5+ Nxd5 25. Qxd5+ Ka7 26. Bc5+ Nxc5
27. Re7+ Kb6 28. bxc5+ Rxc5 29. Rxc5 Bf8 30. Rc6+ Ka5 31. Qd2+ Ka4 32. Rxh7 Bb4
33. Qc2+ Ka5 34. Rd7 Be1 35. Kf1 Bxf2 36. Qxf2 Rf8 37. Rf7 Qd3+ 38. Ke1 Qb1+
1/2-1/2

[Event "C.to Provinciale BG"]
[Site "Bergamo ITA"]
[Date "2005.11.11"]
[Round "6"]
[White "Basletta, Giovanni"]
[Black "Asperti, Fabio"]
[Result "0-1"]
[WhiteElo "1407"]
[BlackElo "1658"]
[PlyCount "56"]
[EventDate "2005.10.07"]

1. d4 d6 2. Nf3 g6 3. e3 Bg7 4. Nbd2 Nf6 5. Be2 Nc6 6. c3 O-O 7. O-O e5 8. Re1
e4 9. Ng5 Bf5 10. f3 Nd5 11. Ngxe4 Nxe3 12. Qb3 d5 13. Bd3 Nxg2 14. Kxg2 Qh4
15. Qd1 dxe4 16. Nxe4 Bh3+ 17. Kg1 Rae8 18. Bg5 Qh5 19. Qd2 Qxf3 20. Qf2 Qxd3
21. Nc5 Qf5 22. Qg3 Nxd4 23. cxd4 Bxd4+ 24. Be3 Rxe3 25. Rxe3 Re8 26. Rae1 Rxe3
27. Rxe3 Bxe3+ 28. Kh1 Qf1+ 0-1

[Event "C.to Provinciale BG"]
[Site "Bergamo ITA"]
[Date "2005.11.11"]
[Round "6"]
[White "Biava, Pierluigi"]
[Black "Tentori, Giulio"]
[Result "0-1"]
[WhiteElo "1649"]
[BlackElo "1748"]
[PlyCount "118"]
[EventDate "2005.10.07"]

1. d4 d5 2. Nc3 Nf6 3. e3 c6 4. Nge2 e6 5. a3 Bd6 6. b4 e5 7. h3 Nbd7 8. Bb2 e4
9. Nc1 Nb6 10. Nb3 Nfd7 11. Nc5 Nb8 12. Be2 Qg5 13. g3 Bxg3 14. fxg3 Qxe3 15.
N3a4 Nc4 16. Bc1 Qxg3+ 17. Kf1 Bxh3+ 18. Rxh3 Qxh3+ 19. Kg1 Qg3+ 20. Kf1 e3 21.
Qe1 Qf4+ 22. Kg1 Qg5+ 23. Kh2 b6 24. Bxc4 dxc4 25. Nb7 O-O 26. Qxe3 Qh5+ 27.
Qh3 Qe2+ 28. Qg2 Qe7 29. Bh6 Qh4+ 30. Qh3 Qxh6 31. Qxh6 gxh6 32. Rg1+ Kh8 33.
Nd6 Nd7 34. Nf5 Rae8 35. Nc3 Rg8 36. Nxh6 Rxg1 37. Kxg1 Re1+ 38. Kf2 Rc1 39.
Ne4 Rxc2+ 40. Ke3 Ra2 41. Nxf7+ Kg7 42. Nd8 Rxa3+ 43. Ke2 Nb8 44. Ne6+ Kh6 45.
Nd6 b5 46. Nf7+ Kg6 47. Ne5+ Kf6 48. Nd8 a5 49. bxa5 Rxa5 50. Ndxc6 Nxc6 51.
Nxc6 Ra3 52. Nb4 h5 53. Nd5+ Kf5 54. Ne7+ Kg4 55. Nc6 h4 56. Ne5+ Kg3 57. d5 h3
58. d6 h2 59. d7 Ra8 0-1

[Event "C.to Provinciale BG"]
[Site "Bergamo ITA"]
[Date "2005.11.11"]
[Round "6"]
[White "Bosio, Giovanni"]
[Black "Longo, Pietro"]
[Result "0-1"]
[WhiteElo "1682"]
[BlackElo "1757"]
[PlyCount "54"]
[EventDate "2005.10.07"]

1. d4 d5 2. c4 e6 3. e3 Nf6 4. Nf3 Be7 5. Nc3 O-O 6. a3 c5 7. dxc5 Bxc5 8. b4
Be7 9. Bb2 b6 10. Qc2 Bb7 11. Rd1 Nbd7 12. cxd5 Nxd5 13. Nxd5 Bxd5 14. Be2 Rc8
15. Qb1 Bf6 16. O-O Bxb2 17. Qxb2 Qf6 18. Qb1 Ne5 19. e4 Bc4 20. Rfe1 Bxe2 21.
Rxe2 Nxf3+ 22. gxf3 Qxf3 23. Re3 Qf4 24. e5 Rfd8 25. Rde1 Rd2 26. R3e2 Rxe2 27.
Rxe2 Rc1+ 0-1

[Event "C.to Provinciale BG"]
[Site "Bergamo ITA"]
[Date "2005.11.11"]
[Round "6"]
[White "Brambilla, Augusto"]
[Black "Primavera, Enrico"]
[Result "1-0"]
[WhiteElo "1419"]
[BlackElo "1453"]
[PlyCount "199"]
[EventDate "2005.10.07"]

1. c4 c5 2. Nc3 a6 3. g3 Nf6 4. Bg2 e6 5. Nf3 Nc6 6. b3 Be7 7. e4 d6 8. d4 Qc7
9. d5 exd5 10. exd5 Na7 11. Ng5 O-O 12. O-O Qd8 13. Bh3 Bxh3 14. Nxh3 Qd7 15.
Kg2 Nc8 16. Re1 Bd8 17. Bb2 Ne7 18. Ne4 Nxe4 19. Rxe4 Nf5 20. Qd2 Be7 21. Rae1
Qd8 22. Rg4 Bf6 23. Bxf6 Qxf6 24. Rf4 g6 25. g4 Nh4+ 26. Kg3 Qd8 27. Rfe4 Qf6
28. Rf4 Qd8 29. Qc3 g5 30. Nxg5 Qxg5 31. Qf6 Qxf6 32. Rxf6 Ng6 33. Rxd6 Rae8
34. Rxe8 Rxe8 35. Rb6 Re7 36. h4 Ne5 37. f4 Nd3 38. g5 Re3+ 39. Kg4 Nf2+ 40.
Kf5 Re7 41. h5 Ne4 42. d6 Nxd6+ 43. Rxd6 Re8 44. Kf6 Kf8 45. Rd7 Re6+ 46. Kf5
b6 47. Rb7 Rd6 48. h6 Ke8 49. Rb8+ Rd8 50. Rxb6 a5 51. Kf6 Kf8 52. Rb7 Rd6+ 53.
Ke5 Re6+ 54. Kf5 Re8 55. Rb5 a4 56. bxa4 Ra8 57. a5 Ra6 58. Rxc5 Ke7 59. Rc7+
Ke8 60. Rc5 Kd7 61. Rb5 Rd6 62. Rb6 Rd2 63. Rb7+ Ke8 64. a6 Rxa2 65. a7 Ra5+
66. Rb5 Rxa7 67. c5 Rc7 68. Ke5 Kd7 69. Kf6 Kc6 70. Ra5 Kd5 71. Kg7 Ke4 72.
Kxh7 Kxf4 73. g6 fxg6+ 74. Kxg6 Rc6+ 75. Kg7 Rc7+ 76. Kg8 Rc8+ 77. Kg7 Rc7+ 78.
Kg6 Rc6+ 79. Kh5 Rc7 80. Ra4+ Kf5 81. Rc4 Rc6 82. h7 Rc8 83. c6 Rh8 84. Kh6 Kf6
85. c7 Rc8 86. Rc5 Ke7 87. Kg7 Kd7 88. Rc1 Re8 89. c8=Q+ Rxc8 90. Rxc8 Kxc8 91.
h8=Q+ Kd7 92. Kf6 Kd6 93. Qe8 Kc5 94. Qe5+ Kc6 95. Ke6 Kb6 96. Kd6 Kb7 97. Kd7
Kb6 98. Qd5 Ka7 99. Qb3 Ka6 100. Kc6 1-0